000 00513nam a22001577a 4500
003 OSt
005 20260119115721.0
008 260119b |||||||| |||| 00| 0 eng d
040 _cMRSPTU
041 _aEnglish
100 _aShyna Grover, Supervisor: Dinesh Kumar
245 _aEfficient Energy Based Reliable Protocol for Real-Time and Non-Real Time Data Transmission for Multicast Streaming in Manet
260 _bDepartment of CSE, MRSPTU Bathinda
_c2017
650 _aComputer Science
942 _2ddc
_cTH
_n0
999 _c10676
_d10676